| 000 | 02606cam a22004694i 4500 | ||
|---|---|---|---|
| 003 | PE-LiUPU | ||
| 005 | 20250731173326.0 | ||
| 008 | 150625s2003 xxu rb 000 0 eng d | ||
| 020 | _a158983044X | ||
| 035 | _a(Sirsi) i9781589830448 | ||
| 040 |
_aPE-LiUPU _bspa _cPE-LiUPU _erda |
||
| 049 | _aPRUA | ||
| 082 | 0 | 4 |
_a220.93 _bM79 _221 |
| 100 | 1 |
_aMoreland, Milton C. , _eautor. |
|
| 245 | 1 | 0 |
_aBetween text and artifact : _bintegrating archaeology in biblical studies teaching / _cMilton C. Moreland. |
| 264 | 1 |
_aAtlanta : _bSociety of Biblical Literature, _c2003. |
|
| 300 |
_a243 páginas ; _c23 centímetros |
||
| 336 |
_atext _2rdacontent |
||
| 337 |
_aunmediated _2rdamedia |
||
| 338 |
_avolume _2rdacarrier |
||
| 504 | _aIncluye bibliografía. | ||
| 505 | 0 | _aBetween text and artifact -- Between heaven and earth: educational perspectives -- Where the girls are: archaeology and women's lives -- "These are your Gods, O Israel": The challenge of reconstructing -- Search of the Good Book: A critical survey of handbooks on Biblical Archaeology -- Why declare the things forbidden? classroom integration of ancient near eastern archaeology with biblical studies in teological context -- The convergence of texts and artifacts: Using archaeology to teach the Hebrew bible -- Archaeology in new testament courses -- Teaching second temple Judaism in light of archaeology -- Text and artifact: The dead sea scrolls and qumran -- Realizing diversity: reflections on teaching pagan religions(s) in late hellenistic and early Roman Palestine -- "Here I am at khirbet cana": Integrating biblical studies and archaeology -- Annotated bibliography for integrating Archaeology into biblical Studies. | |
| 526 | _aSEG42 | ||
| 526 | _aSEG41 | ||
| 526 | _aSEG40 | ||
| 526 | _aSEG39 | ||
| 526 | _aP94 | ||
| 526 | _aP87 | ||
| 526 | _aP86 | ||
| 526 | _aP85 | ||
| 526 | _aP77 | ||
| 526 | _aP76 | ||
| 526 | _aP35 | ||
| 541 | _g103-8190058-5681041; | ||
| 630 |
_aBiblia _xAntigüedades _xEstudio y enseñanza _vCongresos. |
||
| 630 |
_aBiblia _xEvidencias, adutoridad, etc. _xEstudio y enseñanza _vCongresos. |
||
| 942 |
_2ddc _cBOOK |
||
| 949 |
_a220.93 M79 _wDEWEY _c1 _i58661 _lCCODEBUL1 _mBUL _p65.00 _r0 _sY _tBOOK _u2015-6-25 _xTEOLOGIA _zUNKNOWN _0COMPRA _o.STAFF. Colección Teología |
||
| 994 |
_aC0 _bPEPRU |
||
| 596 | _a1 | ||
| 999 |
_a220.93 M79 _wDEWEY _c47541 _i58661 _d47541 _f2021-11-9 _g5 _lCCODEBUL1 _mBUL _p65.00 _q1 _r0 _sY _tBOOK _u2015-6-25 _xTEOLOGIA _PP35 _0COMPRA _o.STAFF. Colección Teología |
||
| 980 |
_81 _gALBERTO SANCHEZ Responsable de Automatización |
||